| 000 | 01042nam a2200277 i 4500 | ||
|---|---|---|---|
| 003 | CSPC | ||
| 005 | 20231014144626.0 | ||
| 008 | 230929s2020 caua 001 0 eng | ||
| 020 | _a9781647397814 | ||
| 040 | _cCSPC | ||
| 082 | 4 |
_a641.815 _bAm68b |
|
| 100 | 1 |
_aAmorese, Sarah, _eauthor. |
|
| 245 | 1 | 0 |
_aBaking on her own : _ba skill-building cookbook for girls / _cSarah Amorese. |
| 264 | 1 |
_aEmeryville, California : _bRockridge Press, _c2020. |
|
| 300 |
_aix, 160 pages : _billustrations ; _c24 cm. |
||
| 336 |
_2rdacontent _atext |
||
| 337 |
_2rdamedia _aunmediated |
||
| 338 |
_2rdacarrier _avolume |
||
| 500 | _aIncludes index. | ||
| 505 | 0 | _aGirl-powered baking -- Baking on your own -- baking for breakfast -- Cookies, brownies, and bars -- Cakes and cupcakes -- Pies and tarts -- Other threats. | |
| 650 | 0 | _aCookbooks. | |
| 650 | 0 | _aCooking. | |
| 650 | 0 | _aBaking. | |
| 942 |
_2ddc _cBK _h641.815 _iAm68b _kCIR _m2020. _n0 |
||
| 999 |
_c26176 _d26176 |
||